[Event "34th European Club Cup 2018"]
[Site "Halkidiki"]
[Date "2018.10.16"]
[Round "5"]
[White "Rozentalis, Eduardas"]
[Black "Vuckovic, Bojan"]
[Result "1/2-1/2"]
[WhiteElo "2522"]
[BlackElo "2588"]
[Annotator "TA"]
[PlyCount "100"]
[EventDate "2018.10.12"]
[EventType "team-tourn"]
[EventCountry "GRE"]
[SourceTitle "playchess.com"]
[Source "ChessBase"]
[SourceQuality "1"]
[WhiteTeam "KGSRL"]
[BlackTeam "Itaka"]

1. e4 c5 2. Nf3 Nc6 3. Bb5 g6 4. O-O Bg7 5. Re1 e5 6. a3 Nge7 7. b4 d6 8. c3 O-O 9. d3 h6 10. Nbd2 Be6 11. Bb2 Rc8 12. Bc4 Qd7 13. Bxe6 Qxe6 14. b5 Nd8 15. d4 exd4 16. cxd4 Qd7 17. Qb3 Ne6 18. d5 Nf4 19. Bxg7 Qg4 20. g3 Kxg7 21. Nc4 Rcd8 22. Ne3 Nh3+ 23. Kf1 Qc8 24. Qc3+ f6 25. a4 Kg8 26. Kg2 Rf7 27. Rad1 Ng5 28. Nxg5 hxg5 29. h3 Kg7 30. Rh1 Rh8 31. Rdf1 Ng8 32. Nc4 Qd7 33. f4 g4 34. hxg4 Rxh1 35. Rxh1 Qxg4 36. Qf3 Qxf3+ 37. Kxf3 Rd7 38. g4 Nh6 39. a5 Nf7 40. Ra1 Rd8 41. Rh1 Re8 42. Ne3 Rc8 43. Nc4 Re8 44. Rh2 Rd8 45. Rh3 Re8 46. Rh1 Rd8 47. Ke2 Re8 48. Kd3 Rd8 49. b6 a6 50. Ne3 Re8 1/2-1/2

[Event "34th European Club Cup 2018"]
[Site "Halkidiki"]
[Date "2018.10.16"]
[Round "5"]
[White "Stojanovic, Mihajlo"]
[Black "Lemmers, Oscar"]
[Result "1-0"]
[WhiteElo "2522"]
[BlackElo "2327"]
[Annotator "TA"]
[PlyCount "95"]
[EventDate "2018.10.12"]
[EventType "team-tourn"]
[EventCountry "GRE"]
[SourceTitle "playchess.com"]
[Source "ChessBase"]
[SourceQuality "1"]
[WhiteTeam "Itaka"]
[BlackTeam "KGSRL"]

1. d4 d5 2. c4 c6 3. Nc3 dxc4 4. e3 Nf6 5. Bxc4 g6 6. Nf3 Bg7 7. O-O O-O 8. e4 b5 9. Bd3 b4 10. Na4 Ba6 11. Re1 Bxd3 12. Qxd3 Qa5 13. Qb3 Qb5 14. Bg5 Nbd7 15. Rac1 Rac8 16. Nc5 Nb6 17. Ne5 a5 18. a4 bxa3 19. bxa3 h6 20. Nxg6 Rfe8 21. Bxf6 Qxb3 22. Nxb3 Bxf6 23. Ne5 a4 24. Na5 Bxe5 25. dxe5 c5 26. Rb1 Nd7 27. Nc4 Nf8 28. f4 Ne6 29. f5 Nd4 30. Nb6 Rc6 31. Nxa4 Nc2 32. Rec1 Ra8 33. Nb6 Rb8 34. Rxc2 Rbxb6 35. Rxb6 Rxb6 36. Rxc5 Rb1+ 37. Kf2 Rb2+ 38. Kf3 Rb3+ 39. Kf4 Rxa3 40. Rc8+ Kg7 41. Re8 Ra2 42. Rxe7 Kf8 43. Rb7 Rxg2 44. Rb8+ Ke7 45. f6+ Kd7 46. Rf8 Ke6 47. Re8+ Kd7 48. Re7+ 1-0

[Event "34th European Club Cup 2018"]
[Site "Halkidiki"]
[Date "2018.10.16"]
[Round "5"]
[White "Mastrovasilis, Athanasios"]
[Black "Forster, Richard"]
[Result "1-0"]
[WhiteElo "2503"]
[BlackElo "2460"]
[Annotator "TA"]
[PlyCount "49"]
[EventDate "2018.10.12"]
[EventType "team-tourn"]
[EventCountry "GRE"]
[SourceTitle "playchess.com"]
[Source "ChessBase"]
[SourceQuality "1"]
[WhiteTeam "Thessalonikis"]
[BlackTeam "Winterthur"]

1. d4 f5 2. Nc3 Nf6 3. Bg5 e6 4. e4 fxe4 5. Nxe4 Be7 6. Bxf6 Bxf6 7. Nf3 Qe7 8. Qd2 b6 9. O-O-O Bb7 10. Bd3 Nc6 11. d5 exd5 12. Nxf6+ gxf6 13. Rhe1 Ne5 14. Nxe5 fxe5 15. Rxe5 Qxe5 16. Re1 d6 17. Rxe5+ dxe5 18. Qg5 Rd8 19. Qf6 Rg8 20. Bxh7 Rxg2 21. Qxe5+ Kd7 22. Bf5+ Kc6 23. Qf6+ Rd6 24. Qc3+ Kb5 25. Bd3+ 1-0

[Event "34th European Club Cup 2018"]
[Site "Halkidiki"]
[Date "2018.10.16"]
[Round "5"]
[White "Markgraf, Alexander"]
[Black "Baldauf, Marco"]
[Result "1/2-1/2"]
[WhiteElo "2502"]
[BlackElo "2472"]
[Annotator "TA"]
[PlyCount "82"]
[EventDate "2018.10.12"]
[EventType "team-tourn"]
[EventCountry "GRE"]
[SourceTitle "playchess.com"]
[Source "ChessBase"]
[SourceQuality "1"]
[WhiteTeam "Bremen"]
[BlackTeam "Berlin"]

1. e4 c6 2. d4 d5 3. e5 Bf5 4. Nf3 e6 5. Be2 c5 6. Be3 Qb6 7. Nc3 Nc6 8. O-O Qxb2 9. Qe1 c4 10. Rb1 Qxc2 11. Rxb7 Rb8 12. Rxb8+ Nxb8 13. Bd1 Qb2 14. Ba4+ Kd8 15. Bc1 Qb7 16. Qe3 Nd7 17. Ne1 h5 18. Bd2 Ne7 19. h3 h4 20. Nf3 Ng6 21. Ng5 Nb6 22. Bd1 Ke8 23. Bg4 Bd3 24. Be2 Bxe2 25. Nxe2 Be7 26. g4 hxg3 27. fxg3 Bxg5 28. Qxg5 Rxh3 29. Bb4 Nc8 30. Qd2 Nce7 31. Bc5 Kf8 32. Qa5 Kg8 33. Kg2 Nc6 34. Qa3 Rh6 35. Nc3 Ncxe5 36. Rb1 Qc6 37. Qxa7 Kh7 38. Rb6 Qc8 39. Rb8 Qc6 40. Rb6 Qc8 41. Rb8 Qc6 1/2-1/2

[Event "34th European Club Cup 2018"]
[Site "Halkidiki"]
[Date "2018.10.16"]
[Round "5"]
[White "Pruijssers, Roeland"]
[Black "Chigaev, Maksim"]
[Result "0-1"]
[WhiteElo "2501"]
[BlackElo "2599"]
[Annotator "TA"]
[PlyCount "54"]
[EventDate "2018.10.12"]
[EventType "team-tourn"]
[EventCountry "GRE"]
[SourceTitle "playchess.com"]
[Source "ChessBase"]
[SourceQuality "1"]
[WhiteTeam "Echiquier Amaytois"]
[BlackTeam "Molodezhka"]

1. e4 c5 2. Nf3 e6 3. d4 cxd4 4. Nxd4 Nc6 5. Nc3 Qc7 6. Be3 a6 7. Qf3 Bd6 8. O-O-O Be5 9. g3 Nge7 10. Qe2 b5 11. Qd2 Nxd4 12. Bxd4 Bxd4 13. Qxd4 O-O 14. Bg2 Rd8 15. e5 Bb7 16. Bxb7 Qxb7 17. Ne4 Nd5 18. h4 Qc6 19. Nd6 a5 20. Kb1 b4 21. h5 a4 22. h6 a3 23. hxg7 axb2 24. Ne4 Rxa2 25. c4 Qa4 26. cxd5 Ra1+ 27. Kxb2 Qa2# 0-1

[Event "34th European Club Cup 2018"]
[Site "Halkidiki"]
[Date "2018.10.16"]
[Round "5"]
[White "Ladva, Ottomar"]
[Black "Bates, Richard A"]
[Result "1/2-1/2"]
[WhiteElo "2500"]
[BlackElo "2374"]
[Annotator "ChessBase"]
[PlyCount "83"]
[EventDate "2018.10.12"]
[EventType "team-tourn"]
[EventCountry "GRE"]
[SourceTitle "playchess.com"]
[Source "ChessBase"]
[SourceQuality "1"]
[WhiteTeam "Reval"]
[BlackTeam "Blackthorne"]

1. Nf3 Nf6 2. g3 g6 3. d4 Bg7 4. Bg2 d5 5. O-O O-O 6. c4 Nc6 7. Nbd2 Re8 8. b3 e5 9. dxe5 Nxe5 10. Nxe5 Rxe5 11. Bb2 Re8 12. cxd5 Nxd5 13. Bxg7 Kxg7 14. Qc2 Nf6 15. e4 Qd4 16. Rae1 Bg4 17. h3 Rad8 18. e5 Ng8 19. hxg4 Qxd2 20. Qxc7 Re7 21. Qc5 Qxa2 22. e6 Qxb3 23. exf7 Qxf7 24. Qxa7 Rdd7 25. g5 h6 26. Rxe7 Qxe7 27. gxh6+ Nxh6 28. Rb1 Nf5 29. Bxb7 Nd6 30. Qa1+ Qf6 31. Bc6 Qxa1 32. Rxa1 Rc7 33. Ra6 Nf5 34. Be4 Ne7 35. Kg2 Rc3 36. Kh3 Rc4 37. f3 Rc5 38. Kg4 Nf5 39. Rb6 Ne3+ 40. Kf4 Ng2+ 41. Kg4 Ne3+ 42. Kf4 1/2-1/2

[Event "34th European Club Cup 2018"]
[Site "Halkidiki"]
[Date "2018.10.16"]
[Round "5"]
[White "Speelman, Jon S"]
[Black "Dionisi, Thomas"]
[Result "1/2-1/2"]
[WhiteElo "2496"]
[BlackElo "2398"]
[Annotator "TA"]
[PlyCount "95"]
[EventDate "2018.10.12"]
[EventType "team-tourn"]
[EventCountry "GRE"]
[SourceTitle "playchess.com"]
[Source "ChessBase"]
[SourceQuality "1"]
[WhiteTeam "Wood Green"]
[BlackTeam "Bois-Colombes"]

1. d4 f5 2. Bf4 Nf6 3. e3 e6 4. Nf3 b6 5. Be2 Bb7 6. O-O Be7 7. c4 O-O 8. Nc3 d6 9. h3 Qe8 10. Rc1 Nbd7 11. b4 Ne4 12. Nb5 Bd8 13. c5 bxc5 14. bxc5 dxc5 15. Bxc7 Bd5 16. Nd6 Qe7 17. Bxd8 Rfxd8 18. Nxe4 fxe4 19. Nh2 Bxa2 20. dxc5 Bd5 21. Qa4 Rdc8 22. c6 Ne5 23. Ng4 Nxc6 24. Bb5 Qd6 25. Rfd1 h5 26. Nh2 Ne7 27. Rxc8+ Nxc8 28. Nf1 Qc5 29. Ba6 Nb6 30. Qa1 Rf8 31. Be2 a5 32. Rc1 Qb4 33. Bxh5 Rc8 34. Rb1 Qa4 35. Qe5 Nd7 36. Qd6 Nf6 37. Bg6 Qc6 38. Qe7 Qd7 39. Qa3 a4 40. Nd2 Qc6 41. Ra1 Qc2 42. Qb4 Ra8 43. g4 a3 44. g5 Nd7 45. Nxe4 Qb3 46. Qxb3 Bxb3 47. Nd2 Nc5 48. Nxb3 1/2-1/2

[Event "34th European Club Cup 2018"]
[Site "Halkidiki"]
[Date "2018.10.16"]
[Round "5"]
[White "Thybo, Jesper Sondergaard"]
[Black "Alsina Leal, Daniel"]
[Result "1-0"]
[WhiteElo "2496"]
[BlackElo "2483"]
[Annotator "TA"]
[PlyCount "71"]
[EventDate "2018.10.12"]
[EventType "team-tourn"]
[EventCountry "GRE"]
[SourceTitle "playchess.com"]
[Source "ChessBase"]
[SourceQuality "1"]
[WhiteTeam "Jetsmark"]
[BlackTeam "White Rose"]

1. d4 d5 2. c4 c6 3. Nc3 Nf6 4. cxd5 cxd5 5. Bf4 Nc6 6. e3 Bf5 7. Qb3 Na5 8. Qa4+ Bd7 9. Qc2 e6 10. Bd3 Nc6 11. Qe2 Be7 12. h3 Nb4 13. Bb1 Ne4 14. Nf3 Rc8 15. Bxe4 dxe4 16. Ne5 Nd5 17. O-O Nxc3 18. bxc3 Ba4 19. Rab1 b5 20. Rxb5 Bxb5 21. Qxb5+ Kf8 22. Qb7 Qe8 23. c4 Kg8 24. c5 Rb8 25. Qxe4 h5 26. c6 Rc8 27. Rb1 Bd6 28. Nxf7 Kxf7 29. Bxd6 Rh6 30. Rb7+ Kg8 31. Be5 Rh7 32. c7 Qd7 33. Rb8 Rh8 34. Qg6 Rh7 35. Qg5 Kf7 36. Qd8 1-0

[Event "34th European Club Cup 2018"]
[Site "Halkidiki"]
[Date "2018.10.16"]
[Round "5"]
[White "Admiraal, Miguoel"]
[Black "Agrest, Evgenij"]
[Result "1/2-1/2"]
[WhiteElo "2491"]
[BlackElo "2580"]
[Annotator "TA"]
[PlyCount "86"]
[EventDate "2018.10.12"]
[EventType "team-tourn"]
[EventCountry "GRE"]
[SourceTitle "playchess.com"]
[Source "ChessBase"]
[SourceQuality "1"]
[WhiteTeam "Deloitte"]
[BlackTeam "Team Viking"]

1. d4 d5 2. c4 c6 3. Nf3 Nf6 4. Nc3 e6 5. Bg5 Nbd7 6. e3 Qa5 7. cxd5 Nxd5 8. Rc1 Nxc3 9. bxc3 Ba3 10. Rc2 b6 11. Be2 Ba6 12. O-O Bxe2 13. Rxe2 O-O 14. e4 Rfe8 15. Re3 Bf8 16. e5 Rac8 17. Nd2 f5 18. Rh3 g6 19. Nc4 Qxa2 20. Nd6 Bxd6 21. exd6 Qd5 22. Be7 Rxe7 23. dxe7 Qd6 24. Qa1 a5 25. Re3 Re8 26. c4 Rxe7 27. c5 bxc5 28. dxc5 Nxc5 29. Qxa5 Ne4 30. Qa8+ Kf7 31. Rb3 Nd2 32. Rh3 h5 33. Rc1 c5 34. Qh8 Ne4 35. Ra3 Rd7 36. Ra7 Rxa7 37. Qh7+ Kf6 38. Qxa7 Qd2 39. Rf1 Qd4 40. Qb8 Kg7 41. Qc7+ Kf6 42. Qb8 Kg7 43. Qc7+ Kf6 1/2-1/2

[Event "34th European Club Cup 2018"]
[Site "Halkidiki"]
[Date "2018.10.16"]
[Round "5"]
[White "Sulypa, Oleksandr"]
[Black "Djurhuus, Rune"]
[Result "0-1"]
[WhiteElo "2487"]
[BlackElo "2439"]
[Annotator "TA"]
[PlyCount "72"]
[EventDate "2018.10.12"]
[EventType "team-tourn"]
[EventCountry "GRE"]
[SourceTitle "playchess.com"]
[Source "ChessBase"]
[SourceQuality "1"]
[WhiteTeam "Reykjavik"]
[BlackTeam "Nordstrand"]

1. d4 Nf6 2. c4 g6 3. Nc3 Bg7 4. g3 O-O 5. Bg2 d6 6. Nf3 c5 7. dxc5 dxc5 8. O-O Nc6 9. Bf4 Be6 10. Ne5 Na5 11. Qe1 Ne8 12. Rd1 Nd6 13. Nd5 Bxe5 14. Bxe5 Naxc4 15. Bf4 Nxb2 16. Rc1 Nbc4 17. Qc3 f6 18. h4 Rc8 19. Rfd1 b5 20. Bh6 Re8 21. Nf4 Bf7 22. Bh3 e6 23. g4 e5 24. Ng2 Qe7 25. Qf3 a5 26. e4 Be6 27. Qe2 Nf7 28. Be3 Red8 29. f4 Rxd1+ 30. Rxd1 Nxe3 31. Qxe3 b4 32. f5 Bxa2 33. g5 Rd8 34. Rd2 Rxd2 35. Qxd2 b3 36. fxg6 hxg6 0-1

[Event "34th European Club Cup 2018"]
[Site "Halkidiki"]
[Date "2018.10.16"]
[Round "5"]
[White "Swinkels, Robin"]
[Black "Van Haastert, Edwin"]
[Result "1-0"]
[WhiteElo "2486"]
[BlackElo "2437"]
[Annotator "TA"]
[PlyCount "75"]
[EventDate "2018.10.12"]
[EventType "team-tourn"]
[EventCountry "GRE"]
[SourceTitle "playchess.com"]
[Source "ChessBase"]
[SourceQuality "1"]
[WhiteTeam "Aachen"]
[BlackTeam "Leiden"]

1. d4 d5 2. c4 c6 3. cxd5 cxd5 4. Bf4 Nf6 5. Nc3 Nc6 6. e3 Bf5 7. Qb3 Na5 8. Bb5+ Bd7 9. Qd1 e6 10. Bd3 Rc8 11. Nf3 Bb4 12. O-O Nc4 13. Bxc4 Rxc4 14. Ne5 Rc8 15. Qb3 Bxc3 16. bxc3 Ne4 17. Qxb7 f6 18. Nxd7 Qxd7 19. Rfb1 g5 20. Bb8 Nxc3 21. Rb3 Nxa2 22. Bxa7 Rc7 23. Qb8+ Rc8 24. Bc5 Rxb8 25. Rxb8+ Kf7 26. Rxh8 Qb5 27. Ra8 Nc3 28. R1a7+ Kg6 29. g4 Qb1+ 30. Kg2 Qe4+ 31. f3 Qc2+ 32. Kh3 f5 33. Rg8+ Kf6 34. Rgg7 fxg4+ 35. fxg4 e5 36. Raf7+ Ke6 37. Re7+ Kf6 38. dxe5# 1-0

[Event "34th European Club Cup 2018"]
[Site "Halkidiki"]
[Date "2018.10.16"]
[Round "5"]
[White "Salomon, Johan"]
[Black "Thorfinnsson, Bragi"]
[Result "1-0"]
[WhiteElo "2477"]
[BlackElo "2433"]
[Annotator "TA"]
[PlyCount "87"]
[EventDate "2018.10.12"]
[EventType "team-tourn"]
[EventCountry "GRE"]
[SourceTitle "playchess.com"]
[Source "ChessBase"]
[SourceQuality "1"]
[WhiteTeam "Nordstrand"]
[BlackTeam "Reykjavik"]

1. Nf3 d5 2. e3 Nf6 3. c4 c6 4. Nc3 a6 5. d4 g6 6. Be2 Bg7 7. O-O O-O 8. a4 a5 9. cxd5 cxd5 10. Qb3 Nc6 11. Bd2 e6 12. Rfc1 Qe7 13. Qa3 Re8 14. Nb5 Ne4 15. Be1 f5 16. Ne5 Bxe5 17. dxe5 Ng5 18. f3 Nf7 19. f4 h6 20. g4 Kh7 21. h3 Qxa3 22. Rxa3 Rg8 23. gxf5 gxf5+ 24. Kh2 Bd7 25. Bh4 Nh8 26. Rb3 Ng6 27. Bf6 Rac8 28. Nd6 Rc7 29. h4 Bc8 30. h5 Nge7 31. Nb5 Rd7 32. Bf3 Nb4 33. Nd4 Nec6 34. Nxe6 d4 35. Nxd4 Nxd4 36. exd4 Rxd4 37. Rc7+ Rd7 38. Rbc3 Nc6 39. Rxd7+ Bxd7 40. Rd3 Be6 41. Rd6 Re8 42. Bd5 Nd4 43. Bxb7 Rb8 44. Bg2 1-0

[Event "34th European Club Cup 2018"]
[Site "Halkidiki"]
[Date "2018.10.16"]
[Round "5"]
[White "Abel, Dennes"]
[Black "Babula, Vlastimil"]
[Result "0-1"]
[WhiteElo "2476"]
[BlackElo "2522"]
[Annotator "TA"]
[PlyCount "68"]
[EventDate "2018.10.12"]
[EventType "team-tourn"]
[EventCountry "GRE"]
[SourceTitle "playchess.com"]
[Source "ChessBase"]
[SourceQuality "1"]
[WhiteTeam "Berlin"]
[BlackTeam "Bremen"]

1. d4 Nf6 2. c4 e6 3. Nf3 b6 4. g3 Ba6 5. Qc2 Bb7 6. Bg2 c5 7. d5 exd5 8. cxd5 Nxd5 9. O-O Be7 10. Rd1 Nc6 11. a3 Nf6 12. e4 O-O 13. e5 Ne8 14. Nc3 Nc7 15. Ne4 Ne6 16. Be3 Qc7 17. Rd2 Rad8 18. Nd6 Bxd6 19. exd6 Qb8 20. Qc3 Rc8 21. h4 Rfe8 22. h5 Ncd4 23. Bxd4 cxd4 24. Qb4 Qa8 25. Nh4 Bxg2 26. Nxg2 h6 27. Nh4 Rc5 28. Qa4 Rxh5 29. Qxd7 Rd8 30. Qe7 Rd5 31. Rad1 R5xd6 32. Nf5 R6d7 33. Qh4 Ng5 34. Qg4 Nf3+ 0-1

[Event "34th European Club Cup 2018"]
[Site "Halkidiki"]
[Date "2018.10.16"]
[Round "5"]
[White "Kosic, Dragan"]
[Black "Matovic, Mihajlo Z"]
[Result "1-0"]
[WhiteElo "2470"]
[BlackElo "2234"]
[Annotator "TA"]
[PlyCount "145"]
[EventDate "2018.10.12"]
[EventType "team-tourn"]
[EventCountry "GRE"]
[SourceTitle "playchess.com"]
[Source "ChessBase"]
[SourceQuality "1"]
[WhiteTeam "Sloven Ruma"]
[BlackTeam "Partizan"]

1. d4 Nf6 2. Nf3 e6 3. Bf4 d5 4. e3 c5 5. Nbd2 Nc6 6. c3 Bd6 7. Bg3 O-O 8. Bb5 Ne7 9. Bd3 Nf5 10. Bxf5 exf5 11. Bxd6 Qxd6 12. dxc5 Qxc5 13. O-O Re8 14. Qa4 Bd7 15. Qd4 Qc7 16. a4 b6 17. Rfc1 Rad8 18. b4 Ne4 19. c4 dxc4 20. Qxc4 Qd6 21. Nxe4 Rxe4 22. Qc3 Be6 23. Nd4 f4 24. Qc6 Qd5 25. Qxd5 Bxd5 26. Ra3 g6 27. g3 fxe3 28. fxe3 Rde8 29. Kf2 h5 30. Rc7 R8e7 31. Rc8+ Kg7 32. Rac3 h4 33. Rd8 hxg3+ 34. hxg3 Bb7 35. b5 R4e5 36. Nc6 Bxc6 37. bxc6 Rc7 38. Rd7 Rxd7 39. cxd7 Rd5 40. Rc7 a6 41. e4 Rd1 42. Ke2 Rd4 43. Ke3 Rd1 44. Kf4 b5 45. a5 b4 46. Rb7 b3 47. Rxb3 Rxd7 48. Rb6 Rd4 49. Rxa6 Ra4 50. g4 Ra1 51. Ra7 Ra4 52. Ke5 Ra1 53. a6 Ra4 54. Kd5 Ra5+ 55. Kd6 Ra1 56. e5 Rd1+ 57. Kc6 Rc1+ 58. Kd6 Rd1+ 59. Kc6 Rc1+ 60. Kb6 Rb1+ 61. Kc7 Ra1 62. g5 Kg8 63. e6 fxe6 64. Kd6 Ra5 65. Kxe6 Rxg5 66. Rb7 Rg1 67. a7 Re1+ 68. Kf6 Rf1+ 69. Kxg6 Rg1+ 70. Kf6 Rf1+ 71. Ke5 Re1+ 72. Kd4 Rd1+ 73. Ke4 1-0

[Event "34th European Club Cup 2018"]
[Site "Halkidiki"]
[Date "2018.10.16"]
[Round "5"]
[White "Koch, Thomas"]
[Black "Nemeth, Miklos"]
[Result "1/2-1/2"]
[WhiteElo "2467"]
[BlackElo "2474"]
[Annotator "TA"]
[PlyCount "175"]
[EventDate "2018.10.12"]
[EventType "team-tourn"]
[EventCountry "GRE"]
[SourceTitle "playchess.com"]
[Source "ChessBase"]
[SourceQuality "1"]
[WhiteTeam "Eynatten"]
[BlackTeam "Dunajska Streda"]

1. d4 Nf6 2. c4 e6 3. Nf3 b6 4. g3 Bb7 5. Bg2 Bb4+ 6. Bd2 a5 7. O-O O-O 8. Bg5 Be7 9. Nc3 d6 10. Qc2 Nbd7 11. Rad1 Qc8 12. e4 h6 13. Bf4 Re8 14. Rfe1 Nf8 15. e5 dxe5 16. dxe5 N6d7 17. Nd4 Bxg2 18. Kxg2 Nc5 19. Qe2 Ng6 20. Bc1 Bf8 21. Qf3 Nd7 22. Nc6 Bb4 23. Bd2 Bxc3 24. Bxc3 Ne7 25. Re3 Nxc6 26. Qxc6 Nc5 27. Re2 Qb7 28. Qxb7 Nxb7 29. Red2 Red8 30. b3 Kf8 31. g4 Ke7 32. Rxd8 Rxd8 33. Rxd8 Nxd8 34. h4 c5 35. h5 Nc6 36. Kf3 g6 37. Ke4 Kf8 38. a3 Kg7 39. f3 Kh7 40. Be1 gxh5 41. gxh5 Kg7 42. Bc3 Kf8 43. Bd2 Kg7 44. f4 Kh7 45. Bc3 Kg7 46. f5 Kh7 47. f6 Kg8 48. Bd2 Kh7 49. Be1 Kg8 50. Bc3 Kh8 51. Kd3 Kg8 52. Bb2 Kf8 53. Ke4 Kg8 54. Bc1 Kh7 55. Be3 a4 56. bxa4 Na5 57. Kd3 Nc6 58. Bf4 Na5 59. Bd2 Nc6 60. Bc3 Na5 61. Bb2 Kg8 62. Bc1 Kh7 63. Bf4 Nc6 64. a5 Nxa5 65. Kc3 Nc6 66. Kb3 Na5+ 67. Ka4 Nxc4 68. Kb5 Nxa3+ 69. Kxb6 Nb1 70. Kxc5 Nc3 71. Kd6 Ne2 72. Bh2 Kh8 73. Kd7 Kh7 74. Ke7 Kg8 75. Ke8 Nd4 76. Bg3 Ne2 77. Be1 Nf4 78. Bg3 Ne2 79. Bh2 Nd4 80. Kd7 Ne2 81. Ke7 Nc3 82. Ke8 Ne2 83. Ke7 Nc3 84. Kd8 Ne2 85. Ke8 Nd4 86. Bf4 Nf5 87. Bh2 Nd4 88. Bg3 1/2-1/2

[Event "34th European Club Cup 2018"]
[Site "Halkidiki"]
[Date "2018.10.16"]
[Round "5"]
[White "Bokros, Albert"]
[Black "Zelbel, Patrick"]
[Result "0-1"]
[WhiteElo "2465"]
[BlackElo "2429"]
[Annotator "TA"]
[PlyCount "104"]
[EventDate "2018.10.12"]
[EventType "team-tourn"]
[EventCountry "GRE"]
[SourceTitle "playchess.com"]
[Source "ChessBase"]
[SourceQuality "1"]
[WhiteTeam "Dunajska Streda"]
[BlackTeam "Eynatten"]

1. e4 Nf6 2. e5 Nd5 3. d4 d6 4. c4 Nb6 5. exd6 cxd6 6. Nc3 g6 7. Be3 Bg7 8. Rc1 O-O 9. b3 Bf5 10. Nge2 d5 11. c5 Nc8 12. h3 Nc6 13. g4 Be4 14. Nxe4 dxe4 15. Bg2 f5 16. gxf5 gxf5 17. O-O e6 18. Nf4 Qd7 19. d5 exd5 20. Qxd5+ Qxd5 21. Nxd5 N8e7 22. Nf4 Ng6 23. Rcd1 Nd4 24. Kh1 Rad8 25. Nxg6 hxg6 26. f3 exf3 27. Bxf3 Nxf3 28. Rxd8 Rxd8 29. Rxf3 Rd3 30. Kg2 a6 31. h4 Rc3 32. Kg3 Be5+ 33. Bf4 Rxc5 34. Bxe5 Rxe5 35. Rc3 Kf7 36. Rc8 Re3+ 37. Kg2 Re8 38. Rc7+ Re7 39. Rc8 Kf6 40. Rf8+ Ke5 41. Kf3 b5 42. Ra8 Re6 43. a4 Kd4 44. a5 Kc3 45. Rb8 Kxb3 46. Rb6 Re4 47. Rxa6 Rxh4 48. Rxg6 Ra4 49. Rf6 b4 50. Rxf5 Ka2 51. Rf4 Ra3+ 52. Ke2 b3 0-1

[Event "34th European Club Cup 2018"]
[Site "Halkidiki"]
[Date "2018.10.16"]
[Round "5"]
[White "Arnaudov, G. Petar"]
[Black "Riemersma, Li"]
[Result "1-0"]
[WhiteElo "2452"]
[BlackElo "2460"]
[Annotator "TA"]
[PlyCount "87"]
[EventDate "2018.10.12"]
[EventType "team-tourn"]
[EventCountry "GRE"]
[SourceTitle "playchess.com"]
[Source "ChessBase"]
[SourceQuality "1"]
[WhiteTeam "Asseco SEE"]
[BlackTeam "BSG"]

1. d4 d5 2. Nf3 Nf6 3. c4 e6 4. g3 dxc4 5. Bg2 Nc6 6. O-O Rb8 7. e3 Be7 8. Qe2 b5 9. b3 cxb3 10. axb3 a6 11. Bd2 O-O 12. Rc1 Bb7 13. Ne1 Nb4 14. Bxb7 Rxb7 15. Bxb4 Bxb4 16. Rxa6 Qd5 17. Qc2 Bd6 18. Nd3 Rbb8 19. Nc3 Qf3 20. Qd1 Qxd1+ 21. Rxd1 Rfc8 22. Rc1 g6 23. f3 Kf8 24. Kf2 Ke8 25. e4 Nd7 26. e5 Be7 27. Ne4 Nb6 28. Ra7 Kd8 29. Nc3 Nd7 30. b4 c6 31. Ne4 Rc7 32. Ra6 Rb6 33. Ra2 Nb8 34. Nd6 Ra6 35. Rxa6 Nxa6 36. Ra1 Nb8 37. Ra8 Rc8 38. Nxc8 Kxc8 39. Ra7 Nd7 40. Nc5 Bxc5 41. bxc5 h5 42. h4 Kd8 43. Ke2 Kc8 44. Kd2 1-0

[Event "34th European Club Cup 2018"]
[Site "Halkidiki"]
[Date "2018.10.16"]
[Round "5"]
[White "Gorodetzky, David"]
[Black "Ashton, Adam G"]
[Result "1-0"]
[WhiteElo "2452"]
[BlackElo "2359"]
[Annotator "TA"]
[PlyCount "77"]
[EventDate "2018.10.12"]
[EventType "team-tourn"]
[EventCountry "GRE"]
[SourceTitle "playchess.com"]
[Source "ChessBase"]
[SourceQuality "1"]
[WhiteTeam "Rehovot"]
[BlackTeam "Oldham"]

1. Nf3 d5 2. e3 Nf6 3. c4 e6 4. d4 c5 5. a3 Nc6 6. dxc5 Bxc5 7. b4 Be7 8. Bb2 O-O 9. Nbd2 a5 10. b5 Nb8 11. Be2 Nbd7 12. O-O b6 13. Rc1 Bb7 14. cxd5 Nxd5 15. Nc4 Nc5 16. Nd4 Bf6 17. Bf3 e5 18. Nc6 Bxc6 19. bxc6 e4 20. Bxf6 Nxf6 21. Qxd8 Raxd8 22. Nxb6 Nd3 23. Rc3 exf3 24. c7 Ne4 25. cxd8=Q Rxd8 26. Rc8 Rxc8 27. Nxc8 g5 28. gxf3 Nd2 29. Rd1 Nxf3+ 30. Kg2 Nfe5 31. Ne7+ Kg7 32. Nc6 Nxf2 33. Kxf2 Nxc6 34. Rd5 f6 35. Rc5 Ne5 36. Ke2 h5 37. Rxa5 g4 38. Rxe5 fxe5 39. a4 1-0

[Event "34th European Club Cup 2018"]
[Site "Halkidiki"]
[Date "2018.10.16"]
[Round "5"]
[White "Elsness, Frode"]
[Black "Andersen, Mads"]
[Result "1/2-1/2"]
[WhiteElo "2450"]
[BlackElo "2597"]
[Annotator "TA"]
[PlyCount "64"]
[EventDate "2018.10.12"]
[EventType "team-tourn"]
[EventCountry "GRE"]
[SourceTitle "playchess.com"]
[Source "ChessBase"]
[SourceQuality "1"]
[WhiteTeam "SK Oslo"]
[BlackTeam "Solingen"]

1. d4 Nf6 2. c4 g6 3. Nc3 d5 4. cxd5 Nxd5 5. e4 Nxc3 6. bxc3 Bg7 7. Nf3 c5 8. Be3 Qa5 9. Qd2 O-O 10. Rc1 Rd8 11. d5 e6 12. Be2 exd5 13. exd5 b5 14. Bg5 Re8 15. O-O Bb7 16. Rfe1 Nd7 17. d6 Nf6 18. d7 Rf8 19. Red1 Qb6 20. Qd6 h6 21. Bf4 Rfd8 22. Qxb6 axb6 23. Bxb5 Nd5 24. Rxd5 Bxd5 25. Rd1 Bxa2 26. Bc7 Bb3 27. Bxd8 Rxd8 28. Rd3 Be6 29. Nd2 Bf5 30. Re3 Be6 31. Rd3 Bf5 32. Re3 Be6 1/2-1/2

[Event "34th European Club Cup 2018"]
[Site "Halkidiki"]
[Date "2018.10.16"]
[Round "5"]
[White "Petenyi, Tamas"]
[Black "Petrov, Marian"]
[Result "0-1"]
[WhiteElo "2444"]
[BlackElo "2482"]
[Annotator "TA"]
[PlyCount "82"]
[EventDate "2018.10.12"]
[EventType "team-tourn"]
[EventCountry "GRE"]
[SourceTitle "playchess.com"]
[Source "ChessBase"]
[SourceQuality "1"]
[WhiteTeam "Dunajska Streda"]
[BlackTeam "Eynatten"]

1. c4 g6 2. g3 Bg7 3. Bg2 Nf6 4. Nc3 O-O 5. e3 c6 6. Nge2 d5 7. cxd5 cxd5 8. d4 Nc6 9. Nf4 e6 10. O-O b6 11. b3 Ba6 12. Re1 Qe7 13. a4 Rfc8 14. Ba3 Qd8 15. Rc1 Na5 16. Qc2 Ne4 17. Bxe4 dxe4 18. Qb1 g5 19. Nh5 Bd3 20. Qb2 Bh8 21. Na2 Qd5 22. Rxc8+ Rxc8 23. Rc1 Rxc1+ 24. Qxc1 Qc6 25. Qe1 Qc2 26. Nc1 h6 27. Kg2 Kh7 28. h4 Nxb3 29. Qb4 Qd1 30. Nxd3 exd3 31. hxg5 hxg5 32. Qb5 Kg6 33. Be7 e5 34. Qc6+ Kxh5 35. Bf8 f6 36. Qe4 Qf1+ 37. Kh2 Qxf2+ 38. Kh3 Qf1+ 39. Kh2 Qe2+ 40. Kh1 d2 41. g4+ Kh4 0-1